|
|
|
|
| LEADER |
02331nam a2200337 a 4500 |
| 001 |
37369 |
| 003 |
BD-DhAAL |
| 005 |
20220828115236.0 |
| 008 |
210117t2013 bg od||| |||| 001 0 eng d |
| 999 |
|
|
|c 43185
|d 43185
|
| 020 |
|
|
|a 9789845060400
|
| 040 |
|
|
|a BD-DhAAL
|
| 082 |
|
|
|a 954.92
|2 23
|
| 100 |
|
|
|a Hossain, Kamal,
|d 1937-
|e author.
|9 40676
|
| 245 |
|
|
|a Bangladesh :
|b quest for freedom and justice /
|c Kamal Hossain.
|
| 260 |
|
|
|a Dhaka, Bangladesh :
|b University Press Limited,
|c c2013.
|
| 300 |
|
|
|a xviii, 293 :
|b illustrations, maps, photos ;
|c 23 cm.
|
| 490 |
|
|
|a Road to Bangladesh series
|
| 504 |
|
|
|a Include bibliographical references (283-293) with index.
|
| 526 |
|
|
|a GenEd
|
| 541 |
|
|
|a Hye Trade International, Donated By Akbar Ali Khan, Book Finder International
|e 37369, 37370, 37371, 38717, 39474, 39475
|
| 650 |
|
|
|a Bangladesh
|x History
|y 20th century.
|9 40677
|
| 650 |
|
|
|a Bangladesh
|x Politics and government
|y 20th century.
|9 40678
|
| 852 |
|
|
|a Ayesha Abed Library
|c General Stacks
|
| 942 |
|
|
|2 ddc
|c BK
|
| 952 |
|
|
|0 0
|1 0
|2 ddc
|4 0
|6 954_920000000000000_HOS
|7 0
|9 69163
|a SCL
|b SCL
|c GEN
|d 2020-12-09
|e Hye Trade International
|g 582.00
|l 15
|m 11
|o 954.92 HOS
|p 3020037371
|r 2025-12-24
|s 2025-12-21
|t 3
|v 582.00
|w 2020-12-09
|y BK
|x Received during COVID-19 pandemic
|
| 952 |
|
|
|0 0
|1 0
|2 ddc
|4 0
|6 954_920000000000000_HOS
|7 0
|9 69164
|a SCL
|b SCL
|c GEN
|d 2020-12-09
|e Hye Trade International
|g 582.00
|l 20
|m 4
|o 954.92 HOS
|p 3020037370
|r 2025-09-15
|s 2025-09-02
|t 2
|v 582.00
|w 2020-12-09
|y BK
|x Received during COVID-19 pandemic
|
| 952 |
|
|
|0 0
|1 0
|2 ddc
|4 0
|6 954_920000000000000_HOS
|7 0
|9 69165
|a SCL
|b SCL
|c GEN
|d 2020-12-09
|e Hye Trade International
|g 582.00
|l 14
|m 1
|o 954.92 HOS
|p 3020037369
|r 2023-08-26
|s 2023-08-21
|t 1
|v 582.00
|w 2020-12-09
|y BK
|x Received during COVID-19 pandemic
|
| 952 |
|
|
|0 0
|1 0
|2 ddc
|4 0
|6 954_920000000000000_HOS
|7 1
|9 70942
|a BRACUL
|b BRACUL
|c AAKC
|d 2022-06-16
|e Donated by Akbar Ali Khan
|l 0
|o 954.92 HOS
|p 3010038717
|r 2022-06-16
|t 4
|w 2022-06-16
|y BK
|
| 952 |
|
|
|0 0
|1 0
|2 ddc
|4 0
|6 954_920000000000000_HOS
|7 0
|9 71525
|a SCL
|b SCL
|c GEN
|d 2022-08-03
|e Book Finder International
|g 563.11
|l 13
|m 5
|o 954.92 HOS
|p 3020039475
|r 2025-05-14
|s 2025-05-10
|t 6
|v 0.00
|w 2022-08-03
|y BK
|
| 952 |
|
|
|0 0
|1 0
|2 ddc
|4 0
|6 954_920000000000000_HOS
|7 0
|9 71526
|a SCL
|b SCL
|c GEN
|d 2022-08-03
|e Book Finder International
|g 563.11
|l 13
|m 17
|o 954.92 HOS
|p 3020039474
|r 2025-05-14
|s 2025-05-11
|t 5
|v 0.00
|w 2022-08-03
|y BK
|